|
|
|
|
| LEADER |
00000nam#a2200000#a#4500 |
| 001 |
013324 |
| 003 |
AR-BeUNQ |
| 005 |
20251210122245.0 |
| 008 |
971210s1996####xxu#################eng#d |
| 999 |
|
|
|c 15726
|d 91113
|
| 020 |
|
|
|a 0805305734
|
| 040 |
|
|
|a AR-beUNQ
|e aacr
|
| 099 |
|
|
|a 24-C10
|
| 100 |
1 |
|
|a Cappuccino, James G
|
| 245 |
0 |
0 |
|a Microbiology : a laboratory manual
|c James G Cappuccino. ; Natalie Sherman.
|
| 250 |
|
|
|a 4a. ed.
|
| 260 |
|
|
|a California :
|b B. Cummings,
|c 1996
|
| 300 |
|
|
|a xvii, 477 p. :
|b il., gráficos, tablas
|
| 594 |
|
|
|b DIPLOMATURA EN CIENCIA Y TECNOLOGIA
|c MICROBIOLOGIA GENERAL
|d 2008
|
| 650 |
|
7 |
|a MICROBIOLOGIA
|2 Spines
|
| 650 |
|
7 |
|a LABORATORIOS
|2 Spines
|
| 650 |
|
7 |
|a INFECCIONES DE LABORATORIO
|2 Spines
|
| 650 |
|
7 |
|a BACTERIAS
|2 Spines
|
| 650 |
|
7 |
|a VIRUS
|2 Spines
|
| 650 |
|
7 |
|a ALIMENTOS
|2 Spines
|
| 650 |
|
7 |
|a AGUA
|2 Spines
|
| 650 |
|
7 |
|a SUELOS
|2 Spines
|
| 650 |
|
7 |
|a INMUNOLOGIA
|2 Spines
|
| 650 |
|
7 |
|a GENETICA MICROBIANA
|2 Spines
|
| 650 |
|
7 |
|a MICOLOGIA
|2 Spines
|
| 700 |
1 |
|
|a Sherman, Natalie
|
| 929 |
|
|
|a COMPRA
|b Cúspide
|c Exp. 827-0764/97
|d 32,95
|e 19971210
|j 23005
|
| 929 |
|
|
|a COMPRA
|b Cúspide
|c Exp. 827-0764/97
|d 32,95
|e 19971210
|j 23006
|
| 942 |
|
|
|c LIB
|n 0
|